000 00379nam a22001577a 4500
020 _a9781138810532
082 _a519.536 GOR
100 _aRachel A. Gordon
245 _aRegression Analysis for the social sciences
250 _a2nd ed.
260 _aNew York
_bRoutledge
_c2015
300 _a543p.
650 _aSocial Sciences
650 _aRegression analysis
942 _cBK
999 _c13739
_d13739